| 000 | 01156nam a2200253Ia 4500 | ||
|---|---|---|---|
| 003 | Ost | ||
| 005 | 20260507075747.0 | ||
| 008 | 260507s9999||||xx |||||||||||||| ||und|| | ||
| 020 | _a105673977 | ||
| 040 | _cfsecg | ||
| 041 | _aara | ||
| 082 | _a330 | ||
| 100 |
_aكريستين، كسيدز _eمؤلف |
||
| 245 | 0 |
_aخصخصة مشروعات البنية الأساسية : _bالمتطلبات والبدائل والخبرات / _c كسيدز كريستين |
|
| 260 |
_aالقاهرة: _bالمنظمة العربية للتنمية الإدارية, _c1997 |
||
| 300 |
_a170 صفحة؛ _bإيضاحات ؛ _c25 سم |
||
| 490 |
_aسلسلة بحوث ودراسات _v345 |
||
| 520 | _aالإطار لتحليل ترتيبات المؤسسة في البنية الاساسية- خبرات مستفادة من ترتيبات مؤسسة بديلة- اشتراطات لضمان فاعلية الترتيبات المؤسسية. | ||
| 653 | _aالإستثمارات الحكومية | ||
| 653 | _aتمويل | ||
| 653 | _aخصخصة المشروعات | ||
| 700 |
_aهندي، منير ابراهيم _eمؤلف ثانوي |
||
| 942 | _cكتاب | ||
| 999 |
_c46194 _d46194 |
||